Name the 10 CLOSEST Capitals to Vatican City - Statistics

General Stats
  • This quiz has been taken 30 times
  • The average score is 6 of 10
Answer Stats
Capital Distance % Correct
Rome, Italy 0 km
100%
San Marino, San Marino 225 km
92%
Monaco, Monaco 459 km
73%
Zagreb, Croatia 518 km
65%
Ljubljana, Slovenia 490 km
50%
Podgorica, Montenegro 580 km
50%
Tirana, Albania 613 km
50%
Vaduz, Liechtenstein 630 km
50%
Tunis, Tunisia 602 km
46%
Sarajevo, Bosnia and Herzagovina 533 km
38%
No matching quizzes found
Score Distribution
Percent of People with Each Score
Percentile by Number Answered
Your Score History
You have not taken this quiz